Chateaux Bordeaux / (Record no. 59870)
[ view plain ]
| 000 -LEADER | |
|---|---|
| fixed length control field | 01065cam a2200301 a 4500 |
| 001 - CONTROL NUMBER | |
| control field | 4427007 |
| 003 - CONTROL NUMBER IDENTIFIER | |
| control field | OSt |
| 005 - DATE AND TIME OF LATEST TRANSACTION | |
| control field | 20140813123300.0 |
| 008 - FIXED-LENGTH DATA ELEMENTS--GENERAL INFORMATION | |
| fixed length control field | 931108s1989 enka bc 000 0 eng |
| 010 ## - LIBRARY OF CONGRESS CONTROL NUMBER | |
| LC control number | 93228583 |
| 020 ## - INTERNATIONAL STANDARD BOOK NUMBER | |
| International Standard Book Number | 0855337516 |
| 040 ## - CATALOGING SOURCE | |
| Original cataloging agency | DLC |
| Transcribing agency | DLC |
| Modifying agency | DLC |
| 041 1# - LANGUAGE CODE | |
| Language code of text/sound track or separate title | eng |
| Language code of original and/or intermediate translations of text | fre |
| 043 ## - GEOGRAPHIC AREA CODE | |
| Geographic area code | e-fr--- |
| 050 00 - LIBRARY OF CONGRESS CALL NUMBER | |
| Classification number | TP553 |
| Item number | .C3713 1989 |
| 082 00 - DEWEY DECIMAL CLASSIFICATION NUMBER | |
| Classification number | 641.2/2/094471 |
| Edition number | 20 |
| 130 0# - MAIN ENTRY--UNIFORM TITLE | |
| Uniform title | Châteaux Bordeaux. |
| Language of a work | English |
| 9 (RLIN) | 30106 |
| 245 00 - TITLE STATEMENT | |
| Title | Chateaux Bordeaux / |
| Statement of responsibility, etc | translated by Rosetta Translations ; editor, Alison Melvin. |
| 260 ## - PUBLICATION, DISTRIBUTION, ETC. (IMPRINT) | |
| Place of publication, distribution, etc | London : |
| Name of publisher, distributor, etc | M. Beazley, |
| Date of publication, distribution, etc | c1989. |
| 300 ## - PHYSICAL DESCRIPTION | |
| Extent | 259 p. : |
| Other physical details | ill. (some col.) ; |
| Dimensions | 31 cm. |
| 504 ## - BIBLIOGRAPHY, ETC. NOTE | |
| Bibliography, etc | Includes bibliographical references (p. 257). |
| 650 #0 - SUBJECT ADDED ENTRY--TOPICAL TERM | |
| Topical term or geographic name as entry element | Wine and wine making |
| Geographic subdivision | France |
| -- | Bordeaux Region (Aquitaine) |
| Form subdivision | Exhibitions. |
| 9 (RLIN) | 30107 |
| 650 #0 - SUBJECT ADDED ENTRY--TOPICAL TERM | |
| Topical term or geographic name as entry element | Wine in art |
| Form subdivision | Exhibitions. |
| 9 (RLIN) | 30108 |
| 700 1# - ADDED ENTRY--PERSONAL NAME | |
| Personal name | Melvin, Alison. |
| 9 (RLIN) | 30109 |
| 906 ## - LOCAL DATA ELEMENT F, LDF (RLIN) | |
| a | 7 |
| b | cbc |
| c | orignew |
| d | 2 |
| e | ncip |
| f | 19 |
| g | y-gencatlg |
| 942 ## - ADDED ENTRY ELEMENTS (KOHA) | |
| Source of classification or shelving scheme | Library of Congress Classification |
| Koha item type | Books |
| Withdrawn status | Lost status | Source of classification or shelving scheme | Damaged status | Not for loan | Collection code | Home library | Current library | Shelving location | Date acquired | Source of acquisition | Cost, normal purchase price | Total Checkouts | Full call number | Barcode | Date last seen | Copy number | Price effective from | Koha item type |
|---|---|---|---|---|---|---|---|---|---|---|---|---|---|---|---|---|---|---|
| Library of Congress Classification | General Circulation | AIU/NEGST - Tony Wilmot Memorial Library | AIU/NEGST - Tony Wilmot Memorial Library | General Stacks | 08/13/2014 | Through TBN | 31.39 | TP 553.C3713 1989 | R30178X3232 | 09/26/2019 | 1 | 08/13/2014 | Books |
